[Event "Berlin Neukoelln op 10th"]
[Site "Berlin"]
[Date "2004.06.04"]
[Round "7"]
[White "Baumeister, Wolfgang"]
[Black "Wilhelm, Wolfgang"]
[Result "1-0"]
[WhiteElo "1576"]
[BlackElo "1288"]
[PlyCount "83"]
[EventDate "2004.04.25"]
[EventType "swiss"]
[EventRounds "7"]
[EventCountry "GER"]
[SourceTitle "EXT 2022"]
[Source "ChessBase"]
[SourceDate "2021.10.06"]
[SourceVersion "1"]
[SourceVersionDate "2021.10.06"]
[SourceQuality "1"]

1. e4 c5 2. c3 e6 3. d4 b6 4. Be3 Ba6 5. Nd2 Qc8 6. Qa4 Bxf1 7. Nxf1 Qa6 8. Qc2 Nf6 9. e5 Nd5 10. a3 Nc6 11. Ne2 Be7 12. Rd1 c4 13. Nf4 0-0 14. Nxd5 exd5 15. Qf5 Qc8 16. Ng3 Nd8 17. Qg4 Ne6 18. Bh6 Kh8 19. Nf5 gxh6 20. Nxe7 Qd8 21. Nxd5 Rg8 22. Qf3 Ng5 23. Qf6+ Qxf6 24. Nxf6 Rgd8 25. d5 Kg7 26. f4 d6 27. fxg5 hxg5 28. Ne4 dxe5 29. Nxg5 h6 30. Nf3 e4 31. Ne5 b5 32. 0-0 f6 33. Nc6 Rd7 34. Nd4 a6 35. Rf5 Kg6 36. Rdf1 Rf7 37. R1f4 Re8 38. Rg4+ Kh7 39. Ne6 e3 40. Re4 Kg6 41. Rf3 e2 42. Nf4+ 1-0

[Event "Berlin Neukoelln op 10th"]
[Site "Berlin"]
[Date "2004.05.21"]
[Round "5"]
[White "Mueller, Klaus"]
[Black "Wilhelm, Wolfgang"]
[Result "1-0"]
[WhiteElo "1734"]
[BlackElo "1288"]
[PlyCount "107"]
[EventDate "2004.04.25"]
[EventType "swiss"]
[EventRounds "7"]
[EventCountry "GER"]
[SourceTitle "EXT 2022"]
[Source "ChessBase"]
[SourceDate "2021.10.06"]
[SourceVersion "1"]
[SourceVersionDate "2021.10.06"]
[SourceQuality "1"]

1. d4 d5 2. Nf3 Nf6 3. c4 c6 4. Nc3 a6 5. e3 Bf5 6. Bd3 Qc8 7. Na4 Ra7 8. Nb6 Qd8 9. Nxd5 Bxd3 10. Nxf6+ exf6 11. Qxd3 Bd6 12. 0-0 0-0 13. Bd2 Nd7 14. Bc3 b5 15. c5 Bc7 16. Qe4 Qa8 17. Qg4 Qe8 18. Rfe1 Qe6 19. Qh4 a5 20. a3 Rfa8 21. Rad1 Rb7 22. b4 axb4 23. axb4 Ra2 24. d5 cxd5 25. Nd4 Qe8 26. c6 Rb8 27. cxd7 Qxd7 28. Qh3 Qe8 29. Qg4 Be5 30. Nf5 Qf8 31. Bxe5 fxe5 32. Rxd5 g6 33. Rxe5 Kh8 34. Ng3 Qg7 35. Qd4 Raa8 36. Rd1 Rc8 37. Rxb5 Qxd4 38. exd4 Rc2 39. Ra5 Rb8 40. b5 Rb2 41. d5 R2xb5 42. Rxb5 Rxb5 43. d6 Rb8 44. d7 Rd8 45. Ne4 Kg7 46. Nc5 Kf8 47. Nb7 Ke7 48. Nxd8 Kxd8 49. Kf1 h6 50. Ke2 g5 51. Ke3 f5 52. Rd5 f4+ 53. Ke4 h5 54. Ke5 1-0

[Event "Suedwestfalen Verbandsklasse 0102"]
[Site "Suedwestfalen"]
[Date "2001.11.18"]
[Round "4"]
[White "Wilhelm, Wolfgang"]
[Black "Goldstrass, Bernd"]
[Result "1/2-1/2"]
[WhiteElo "1897"]
[BlackElo "1896"]
[PlyCount "92"]
[EventDate "2001.09.09"]
[EventType "team"]
[EventRounds "9"]
[EventCountry "GER"]
[SourceTitle "EXT 2007"]
[Source "ChessBase"]
[SourceDate "2006.11.23"]
[SourceVersion "1"]
[SourceVersionDate "2006.11.23"]
[SourceQuality "1"]
[WhiteTeam "Halver"]
[BlackTeam "Kreuztal Buschhuetten"]
[WhiteTeamCountry "GER"]
[BlackTeamCountry "GER"]

1. e4 e5 2. Nf3 Nc6 3. Bb5 a6 4. Ba4 Nf6 5. 0-0 Be7 6. Bxc6 dxc6 7. Nxe5 Qd4 8. Nf3 Qxe4 9. Re1 Qb4 10. b3 Qg4 11. Ba3 Be6 12. Bxe7 Kxe7 13. Nc3 Rad8 14. Re5 h6 15. Qe2 Qb4 16. a3 Qd6 17. Ne4 Nxe4 18. Rxe4 Rhe8 19. Nd4 Kf8 20. Nxe6+ Rxe6 21. Rxe6 Qxe6 22. Qxe6 fxe6 23. d3 Rd5 24. Re1 Kf7 25. Re4 Kf6 26. Kf1 c5 27. Ke2 e5 28. h4 h5 29. Ke3 b5 30. f4 exf4+ 31. Kxf4 Rf5+ 32. Ke3 Re5 33. Kf3 Rf5+ 34. Ke3 Re5 35. c3 a5 36. d4 cxd4+ 37. cxd4 Rd5 38. b4 axb4 39. axb4 c6 40. Rf4+ Ke6 41. Ke4 g6 42. Rf3 Rf5 43. Rg3 Rf6 44. Rc3 Kd6 45. Rc5 Rf2 46. Rg5 Rf6 1/2-1/2